000 00793cab a2200253 4500
001 WB3218-37
008 090401t1996 xxu||||| |||| 00| 0 eng d
035 _a(Sirsi) u58608
041 _aeng
245 _aNegligent advisers
260 _c1996
350 _a0
490 _aEstates Gazette
_v4 May 1996, 103(1)
520 _aLooks at the concept of solicitors and surveyors sharing liability in negligence cases. If only one party is sued they can seek a contribution from the other party involved.
650 _aCONTRIBUTORY NEGLIGENCE
650 _aLIABILITY
650 _aNEGLIGENCE
650 _aPROFESSIONAL ADVICE
650 _aSOLICITORS
650 _aSURVEYORS
690 _aMANAGEMENT-BUSINESS MANAGEMENT-PROFESSIONAL PRACTICE
942 _n0
948 _c04/03/1997
999 _c35817
_d35817